[Event "IIFL Wealth  4th Mumbai Junior U-13"]
[Site "Mumbai"]
[Date "2018.12.31"]
[Round "2"]
[White "Ananmay Sharma"]
[Black "Aggarwal Vansh"]
[Result "1-0"]
[WhiteElo "1749"]
[BlackElo "1328"]
[Annotator "NA RC"]
[PlyCount "75"]
[EventDate "2018.12.30"]
[EventType "swiss"]
[EventCountry "IND"]
[SourceTitle "playchess.com"]
[Source "ChessBase"]
[SourceQuality "1"]
[TimeControl "40/5400+30:1800+30"]

1. d4 {[%emt 0:00:00]} d5 {[%emt 0:01:52]} 2. Bf4 {[%emt 0:00:00]} c5 {[%emt 0:00:15]} 3. e3 {[%emt 0:00:55]} cxd4 {[%emt 0:01:24]} 4. exd4 {[%emt 0:00:30]} Nc6 {[%emt 0:00:08]} 5. c3 {[%emt 0:00:06]} Bf5 {[%emt 0:00:22]} 6. Nd2 {[%emt 0:01:44]} e6 {[%emt 0:00:30]} 7. Ngf3 {[%emt 0:00:03]} Bd6 {[%emt 0:02:20]} 8. Bg3 {[%emt 0:01:29]} Bxg3 {[%emt 0:04:14]} 9. hxg3 {[%emt 0:00:35]} Nf6 {[%emt 0:00:15]} 10. Be2 {[%emt 0:01:03]} h6 {[%emt 0:01:14]} 11. O-O {[%emt 0:02:07]} Qb6 {[%emt 0:00:42]} 12. Qb3 {[%emt 0:01:00]} Qxb3 {[%emt 0:00:45]} 13. axb3 {[%emt 0:00:09]} O-O {[%emt 0:00:41]} 14. Ra3 {[%emt 0:01:22]} Ne4 {[%emt 0:07:38]} 15. b4 {[%emt 0:01:53]} a6 {[%emt 0:01:07]} 16. Rfa1 {[%emt 0:01:58]} Rac8 {[%emt 0:03:03]} 17. b5 {[%emt 0:06:47]} axb5 {[%emt 0:01:11]} 18. Bxb5 {[%emt 0:01:32]} f6 {[%emt 0:01:29]} 19. Nxe4 {[%emt 0:02:45]} Bxe4 {[%emt 0:00:51]} 20. Nd2 {[%emt 0:01:40]} Bf5 {[%emt 0:01:00]} 21. Nb3 {[%emt 0:04:16]} e5 {[%emt 0:01:54]} 22. dxe5 {[%emt 0:00:48]} fxe5 {[%emt 0:00:25]} 23. Nc5 {[%emt 0:02:33]} Rc7 {[%emt 0:01:51]} 24. Nxb7 {[%emt 0:02:02]} Nd4 {[%emt 0:11:18]} 25. cxd4 {[%emt 0:01:09]} Rxb7 {[%emt 0:01:27]} 26. Bc6 {[%emt 0:01:16]} Rxb2 {[%emt 0:00:33]} 27. Bxd5+ {[%emt 0:00:12]} Kh7 {[%emt 0:00:11]} 28. dxe5 {[%emt 0:00:28]} Rb5 {[%emt 0:00:14]} 29. Ra5 {[%emt 0:00:13]} Rb2 {[%emt 0:02:25]} 30. Re1 {[%emt 0:05:07]} Re8 {[%emt 0:02:19]} 31. e6 {[%emt 0:01:59]} Re7 {[%emt 0:01:04]} 32. Bc4 {[%emt 0:04:36]} Bg6 {[%emt 0:01:04]} 33. Rd5 {[%emt 0:01:59]} Rb6 {[%emt 0:05:52]} 34. Rd7 {[%emt 0:02:39]} Rxd7 {[%emt 0:01:14]} 35. exd7 {[%emt 0:00:02]} Rd6 {[%emt 0:03:00]} 36. Be6 {[%emt 0:01:51]} h5 {[%emt 0:00:49]} 37. Rc1 {[%emt 0:00:26]} Be4 {[%emt 0:00:42]} 38. Rc8 {[%emt 0:01:47]} 1-0

[Event "IIFL Wealth  4th Mumbai Junior U-13"]
[Site "Mumbai"]
[Date "2018.12.31"]
[Round "2"]
[White "Arhan Chethan Anand"]
[Black "Anurag Panigrahi"]
[Result "1/2-1/2"]
[WhiteElo "1710"]
[BlackElo "1315"]
[Annotator "NA RC"]
[PlyCount "115"]
[EventDate "2018.12.30"]
[EventType "swiss"]
[EventCountry "IND"]
[SourceTitle "playchess.com"]
[Source "ChessBase"]
[SourceQuality "1"]
[TimeControl "40/5400+30:1800+30"]

1. d4 {[%emt 0:00:00]} d5 {[%emt 0:00:00]} 2. c4 {[%emt 0:00:00]} e6 {[%emt 0:00:00]} 3. Nc3 {[%emt 0:00:00]} c5 {[%emt 0:00:00]} 4. cxd5 {[%emt 0:00:00]} exd5 {[%emt 0:00:08]} 5. Nf3 {[%emt 0:00:20]} Nf6 {[%emt 0:00:39]} 6. Bg5 {[%emt 0:01:14]} cxd4 {[%emt 0:08:27]} 7. Nxd4 {[%emt 0:08:57]} Nc6 {[%emt 0:01:39]} 8. e3 {[%emt 0:02:15]} Be7 {[%emt 0:00:55]} 9. Be2 {[%emt 0:03:34]} O-O {[%emt 0:01:38]} 10. O-O {[%emt 0:00:40]} h6 {[%emt 0:03:59]} 11. Bh4 {[%emt 0:00:43]} Nxd4 {[%emt 0:01:53]} 12. Qxd4 {[%emt 0:01:58]} Bf5 {[%emt 0:04:40]} 13. Bf3 {[%emt 0:09:08]} Qd7 {[%emt 0:03:37]} 14. Rfd1 {[%emt 0:04:38]} Rfd8 {[%emt 0:02:25]} 15. Rac1 {[%emt 0:02:42]} Ne4 {[%emt 0:13:51]} 16. Nxd5 {[%emt 0:14:44]} Bxh4 {[%emt 0:05:08]} 17. Bxe4 {[%emt 0:01:48]} Bxe4 {[%emt 0:02:10]} 18. Qxe4 {[%emt 0:00:02]} Qe6 19. Qxe6 {[%emt 0:06:21]} fxe6 {[%emt 0:01:24]} 20. Nc3 {[%emt 0:07:24]} Bf6 {[%emt 0:01:18]} 21. g3 {[%emt 0:04:02]} Bxc3 {[%emt 0:05:03]} 22. Rxd8+ {[%emt 0:01:09]} Rxd8 {[%emt 0:00:04]} 23. Rxc3 {[%emt 0:00:02]} Rd2 {[%emt 0:00:41]} 24. Rb3 {[%emt 0:00:35]} b6 {[%emt 0:00:15]} 25. Ra3 {[%emt 0:05:15]} Rxb2 {[%emt 0:00:18]} 26. Rxa7 {[%emt 0:00:10]} Kh7 {[%emt 0:01:02]} 27. a4 {[%emt 0:01:49]} Kg6 {[%emt 0:02:26]} 28. a5 {[%emt 0:01:50]} bxa5 {[%emt 0:00:14]} 29. Rxa5 {[%emt 0:00:01]} Kf6 {[%emt 0:00:25]} 30. Kg2 {[%emt 0:00:08]} Rc2 {[%emt 0:02:26]} 31. g4 {[%emt 0:01:51]} Rb2 {[%emt 0:03:17]} 32. Kg3 {[%emt 0:00:19]} Rc2 {[%emt 0:02:32]} 33. h4 {[%emt 0:01:34]} Rb2 {[%emt 0:02:22]} 34. f3 {[%emt 0:01:02]} Rb4 {[%emt 0:03:54]} 35. e4 {[%emt 0:00:38]} g5 {[%emt 0:07:13]} 36. e5+ {[%emt 0:02:57]} Kg6 {[%emt 0:01:44]} 37. h5+ {[%emt 0:00:17]} Kf7 {[%emt 0:00:14]} 38. Ra7+ {[%emt 0:00:02]} Kg8 {[%emt 0:00:09]} 39. Re7 {[%emt 0:02:30]} Rb6 {[%emt 0:00:23]} 40. Kf2 {[%emt 0:00:00]} Rb2+ {[%emt 0:00:00]} 41. Ke3 {[%emt 0:01:22]} Rb3+ {[%emt 0:02:32]} 42. Ke4 {[%emt 0:01:08]} Rb4+ {[%emt 0:02:33]} 43. Kd3 {[%emt 0:00:19]} Rb3+ {[%emt 0:01:26]} 44. Kd4 {[%emt 0:01:16]} Rxf3 {[%emt 0:01:01]} 45. Rxe6 {[%emt 0:00:04]} Rf4+ {[%emt 0:02:46]} 46. Kd5 {[%emt 0:00:25]} Rxg4 {[%emt 0:00:34]} 47. Rxh6 {[%emt 0:00:15]} Kf7 {[%emt 0:01:41]} 48. Rh7+ {[%emt 0:00:04]} Kf8 {[%emt 0:00:42]} 49. h6 {[%emt 0:00:45]} Rg1 {[%emt 0:00:32]} 50. Ke6 {[%emt 0:01:25]} Kg8 {[%emt 0:00:43]} 51. Rg7+ {[%emt 0:00:46]} Kf8 {[%emt 0:00:58]} 52. Kf6 {[%emt 0:00:59]} g4 {[%emt 0:01:26]} 53. h7 {[%emt 0:00:34]} Rf1+ {[%emt 0:00:27]} 54. Kg6 {[%emt 0:00:09]} Rh1 {[%emt 0:00:15]} 55. Rg8+ {[%emt 0:00:03]} Ke7 {[%emt 0:00:32]} 56. h8=Q {[%emt 0:00:14]} Rh2 57. Qh7+ Rxh7 {[%emt 0:00:57]} 58. Rh8 {[%emt 0:00:34]} 1/2-1/2

[Event "IIFL Wealth  4th Mumbai Junior U-13"]
[Site "Mumbai"]
[Date "2018.12.31"]
[Round "2"]
[White "Pawar, Harshit"]
[Black "Sohanganesh Uddhav Nikam"]
[Result "1-0"]
[WhiteElo "1671"]
[BlackElo "1299"]
[Annotator "NA RC"]
[PlyCount "68"]
[EventDate "2018.12.30"]
[EventType "swiss"]
[EventCountry "IND"]
[SourceTitle "playchess.com"]
[Source "ChessBase"]
[SourceQuality "1"]
[TimeControl "40/5400+30:1800+30"]

1. e4 {[%emt 0:00:00]} e5 {[%emt 0:00:00]} 2. Nf3 {[%emt 0:00:38]} Nc6 {[%emt 0:00:00]} 3. Nc3 {[%emt 0:00:42]} Nf6 {[%emt 0:00:00]} 4. d4 {[%emt 0:00:35]} exd4 {[%emt 0:01:32]} 5. Nd5 {[%emt 0:00:11]} h6 {[%emt 0:03:56]} 6. Bf4 {[%emt 0:13:07]} d6 {[%emt 0:00:29]} 7. Bb5 {[%emt 0:03:42]} a6 {[%emt 0:01:11]} 8. Bxc6+ {[%emt 0:15:34]} bxc6 {[%emt 0:00:04]} 9. Nxf6+ {[%emt 0:00:18]} Qxf6 {[%emt 0:00:11]} 10. Bg3 {[%emt 0:00:31]} d3 {[%emt 0:02:33]} 11. c3 {[%emt 0:06:32]} a5 {[%emt 0:09:13]} 12. O-O {[%emt 0:02:28]} Ba6 {[%emt 0:04:47]} 13. Re1 {[%emt 0:07:30]} Qd8 {[%emt 0:01:46]} 14. e5 {[%emt 0:03:39]} Be7 {[%emt 0:00:50]} 15. exd6 {[%emt 0:11:07]} cxd6 {[%emt 0:00:05]} 16. Nd4 {[%emt 0:00:28]} Qd7 {[%emt 0:01:52]} 17. Bxd6 {[%emt 0:04:22]} Qxd6 {[%emt 0:00:28]} 18. Nf5 {[%emt 0:00:34]} Qf6 {[%emt 0:00:33]} 19. Nxe7 {[%emt 0:04:16]} Qxe7 {[%emt 0:00:22]} 20. Qf3 {[%emt 0:01:21]} Rc8 {[%emt 0:02:55]} 21. c4 {[%emt 0:02:03]} Bxc4 {[%emt 0:02:56]} 22. Rxe7+ {[%emt 0:00:33]} Kxe7 {[%emt 0:00:02]} 23. Qe4+ {[%emt 0:00:35]} Be6 {[%emt 0:00:19]} 24. Qxd3 {[%emt 0:00:08]} c5 {[%emt 0:00:38]} 25. Qc3 {[%emt 0:00:43]} f6 {[%emt 0:01:15]} 26. Qxa5 {[%emt 0:00:54]} Rhd8 {[%emt 0:00:07]} 27. Re1 {[%emt 0:00:55]} Kf7 {[%emt 0:00:15]} 28. h4 {[%emt 0:00:56]} Bc4 {[%emt 0:01:05]} 29. b3 {[%emt 0:00:41]} Be6 {[%emt 0:01:00]} 30. Qa7+ {[%emt 0:00:25]} Rd7 {[%emt 0:00:12]} 31. Qa6 {[%emt 0:00:30]} Re8 {[%emt 0:01:34]} 32. Qc6 {[%emt 0:00:51]} Rd5 {[%emt 0:00:03]} 33. Kh2 {[%emt 0:01:04]} Rf5 {[%emt 0:00:53]} 34. Rxe6 {[%emt 0:00:50]} Rxe6 {[%emt 0:05:03]} 1-0

[Event "IIFL Wealth  4th Mumbai Junior U-13"]
[Site "Mumbai"]
[Date "2018.12.31"]
[Round "2"]
[White "Mahajan Ayush"]
[Black "Vivaan Vijay Saraogi"]
[Result "0-1"]
[WhiteElo "1629"]
[BlackElo "1290"]
[Annotator "NA"]
[PlyCount "80"]
[EventDate "2018.12.30"]
[EventType "swiss"]
[EventCountry "IND"]
[SourceTitle "playchess.com"]
[Source "ChessBase"]
[SourceQuality "1"]
[TimeControl "40/5400+30:1800+30"]

1. e4 {[%emt 0:00:00]} d5 {[%emt 0:00:00]} 2. exd5 {[%emt 0:01:11]} Nf6 {[%emt 0:00:00]} 3. d4 Bg4 {[%emt 0:00:00]} 4. f3 {[%emt 0:10:52]} Bf5 {[%emt 0:00:22]} 5. g4 {[%emt 0:01:56]} Bg6 {[%emt 0:02:01]} 6. c4 {[%emt 0:03:22]} e6 {[%emt 0:00:06]} 7. g5 {[%emt 0:01:02]} Nh5 {[%emt 0:02:00]} 8. f4 {[%emt 0:00:38]} Be4 {[%emt 0:03:51]} 9. Qxh5 {[%emt 0:00:16]} Bxh1 {[%emt 0:00:13]} 10. dxe6 {[%emt 0:00:10]} g6 11. exf7+ {[%emt 0:04:17]} Kxf7 {[%emt 0:00:27]} 12. Qd1 {[%emt 0:01:02]} Bb4+ {[%emt 0:00:16]} 13. Nc3 {[%emt 0:00:16]} Re8+ {[%emt 0:00:05]} 14. Be2 {[%emt 0:00:30]} Nc6 {[%emt 0:01:24]} 15. d5 {[%emt 0:01:14]} Ne7 {[%emt 0:00:11]} 16. Qd3 {[%emt 0:11:33]} Nf5 {[%emt 0:02:00]} 17. Bd2 {[%emt 0:01:04]} Qd6 {[%emt 0:05:59]} 18. O-O-O {[%emt 0:04:49]} Bxc3 {[%emt 0:02:36]} 19. Qxc3 {[%emt 0:00:54]} b5 {[%emt 0:00:28]} 20. c5 {[%emt 0:01:00]} Qa6 {[%emt 0:00:27]} 21. Qb3 {[%emt 0:00:49]} Nd4 {[%emt 0:01:47]} 22. Qd3 {[%emt 0:00:19]} Qa4 {[%emt 0:02:13]} 23. Be1 {[%emt 0:21:42]} Be4 {[%emt 0:00:13]} 24. Qc3 {[%emt 0:00:24]} b4 {[%emt 0:00:28]} 25. Qc4 {[%emt 0:01:15]} Nxe2+ {[%emt 0:02:37]} 26. Nxe2 {[%emt 0:00:24]} Bf3 {[%emt 0:02:32]} 27. d6+ {[%emt 0:00:57]} Re6 {[%emt 0:04:26]} 28. Nc3 {[%emt 0:00:49]} Qc6 {[%emt 0:04:21]} 29. Nb5 {[%emt 0:04:32]} Bxd1 {[%emt 0:06:28]} 30. Nxc7 {[%emt 0:08:56]} Bg4 {[%emt 0:01:30]} 31. Nxa8 {[%emt 0:01:41]} Qxa8 {[%emt 0:00:54]} 32. c6 {[%emt 0:00:08]} Be2 {[%emt 0:00:53]} 33. Qd5 {[%emt 0:03:06]} Bb5 {[%emt 0:20:54]} 34. Qxb5 {[%emt 0:00:21]} Rxe1+ {[%emt 0:00:29]} 35. Kd2 {[%emt 0:11:05]} Qe8 {[%emt 0:00:25]} 36. Qd3 {[%emt 0:01:24]} Rg1 {[%emt 0:03:09]} 37. Qd5+ {[%emt 0:02:46]} Qe6 {[%emt 0:01:13]} 38. Qxe6+ {[%emt 0:00:12]} Kxe6 {[%emt 0:00:15]} 39. d7 {[%emt 0:00:00]} Ke7 {[%emt 0:00:07]} 40. c7 {[%emt 0:00:00]} Kxd7 {[%emt 0:00:00]} 0-1

[Event "IIFL Wealth  4th Mumbai Junior U-13"]
[Site "Mumbai"]
[Date "2018.12.31"]
[Round "2"]
[White "Akshit Jha"]
[Black "Vishal Shewale"]
[Result "1-0"]
[WhiteElo "1604"]
[BlackElo "1287"]
[Annotator "NA RC"]
[PlyCount "67"]
[EventDate "2018.12.30"]
[EventType "swiss"]
[EventCountry "IND"]
[SourceTitle "playchess.com"]
[Source "ChessBase"]
[SourceQuality "1"]
[TimeControl "40/5400+30:1800+30"]

1. e4 {[%emt 0:00:00]} c5 {[%emt 0:00:00]} 2. Nf3 {[%emt 0:00:00]} d6 {[%emt 0:00:00]} 3. d4 {[%emt 0:00:00]} cxd4 {[%emt 0:00:00]} 4. Nxd4 {[%emt 0:00:00]} Nf6 {[%emt 0:00:00]} 5. f3 {[%emt 0:00:00]} a6 {[%emt 0:00:07]} 6. c4 {[%emt 0:00:02]} e6 {[%emt 0:00:07]} 7. Nc3 {[%emt 0:00:06]} Nc6 {[%emt 0:05:06]} 8. Be3 {[%emt 0:00:07]} Be7 {[%emt 0:14:00]} 9. Be2 {[%emt 0:01:00]} Qc7 {[%emt 0:00:44]} 10. O-O {[%emt 0:01:02]} Ne5 {[%emt 0:06:23]} 11. Rc1 {[%emt 0:00:42]} Bd7 {[%emt 0:07:21]} 12. b3 {[%emt 0:00:12]} Bc6 {[%emt 0:00:40]} 13. Qd2 {[%emt 0:03:39]} h5 {[%emt 0:08:06]} 14. Nd5 {[%emt 0:02:53]} Bxd5 {[%emt 0:04:58]} 15. cxd5 {[%emt 0:00:49]} Qd7 {[%emt 0:00:10]} 16. dxe6 {[%emt 0:01:27]} fxe6 {[%emt 0:00:10]} 17. f4 {[%emt 0:00:20]} Neg4 {[%emt 0:01:41]} 18. Bxg4 {[%emt 0:01:09]} Nxg4 {[%emt 0:01:51]} 19. f5 {[%emt 0:00:26]} exf5 {[%emt 0:03:56]} 20. exf5 {[%emt 0:02:54]} O-O {[%emt 0:02:04]} 21. Ne6 {[%emt 0:01:18]} Rfc8 {[%emt 0:03:22]} 22. Bd4 {[%emt 0:00:17]} Bf6 {[%emt 0:02:41]} 23. Rcd1 {[%emt 0:01:18]} Rc6 {[%emt 0:07:49]} 24. h3 {[%emt 0:03:24]} Ne5 {[%emt 0:02:05]} 25. Qe2 {[%emt 0:11:05]} Qf7 {[%emt 0:05:13]} 26. Nf4 {[%emt 0:05:14]} h4 {[%emt 0:00:49]} 27. Bxe5 {[%emt 0:00:32]} Bxe5 {[%emt 0:00:19]} 28. Ng6 {[%emt 0:00:10]} Qf6 {[%emt 0:03:24]} 29. Qh5 {[%emt 0:06:04]} Rac8 {[%emt 0:00:10]} 30. Rfe1 {[%emt 0:00:54]} R6c7 {[%emt 0:02:50]} 31. Re4 {[%emt 0:04:33]} Rc1 {[%emt 0:03:07]} 32. Rxh4 {[%emt 0:03:43]} Rxd1+ {[%emt 0:00:49]} 33. Qxd1 {[%emt 0:00:08]} Rd8 {[%emt 0:05:58]} 34. Qd5+ {[%emt 0:00:13]} 1-0

[Event "IIFL Wealth  4th Mumbai Junior U-13"]
[Site "Mumbai"]
[Date "2018.12.31"]
[Round "2"]
[White "Tejes Suresh Kumar"]
[Black "Sneha Halder"]
[Result "1-0"]
[WhiteElo "1586"]
[BlackElo "1282"]
[Annotator "NA RC"]
[PlyCount "85"]
[EventDate "2018.12.30"]
[EventType "swiss"]
[EventCountry "IND"]
[SourceTitle "playchess.com"]
[Source "ChessBase"]
[SourceQuality "1"]
[TimeControl "40/5400+30:1800+30"]

1. e4 c5 2. Nf3 Nc6 3. Bb5 d6 4. O-O Bd7 5. Re1 Nf6 6. c3 a6 7. Bf1 Bg4 8. d4 cxd4 9. cxd4 Bxf3 10. gxf3 g6 11. d5 Na7 12. Nc3 Bg7 13. f4 O-O 14. a4 Nd7 15. Be3 Nc8 16. Bd4 Bxd4 17. Qxd4 Qb6 18. Qd2 Nc5 19. Ra2 Na7 20. Re3 Nb3 21. Qd1 Nc5 22. Qb1 Rac8 23. b4 Nd7 24. Rd2 Nf6 25. Bh3 Rc4 26. Rb2 Qc7 27. Qd3 b5 28. a5 Nd7 29. Qd2 Rc8 30. Rb3 Qb7 31. e5 dxe5 32. fxe5 Rd8 33. e6 Nf6 34. exf7+ Kxf7 35. Be6+ Kg7 36. Rh3 h5 37. Qg5 Rh8 38. Bf5 Rh6 39. Rg3 Nh7 40. Qxh6+ Kf6 41. Qxg6+ Ke5 42. Qe6+ Kf4 43. Ne2# 1-0

[Event "IIFL Wealth  4th Mumbai Junior U-13"]
[Site "Mumbai"]
[Date "2018.12.31"]
[Round "2"]
[White "Pingale Shivraj"]
[Black "Yash Joshi"]
[Result "1-0"]
[WhiteElo "1580"]
[BlackElo "1389"]
[Annotator "NA"]
[PlyCount "163"]
[EventDate "2018.12.30"]
[EventType "swiss"]
[EventCountry "IND"]
[SourceTitle "playchess.com"]
[Source "ChessBase"]
[SourceQuality "1"]
[TimeControl "40/5400+30:1800+30"]

1. e4 {[%emt 0:00:00]} c5 {[%emt 0:00:00]} 2. Nf3 {[%emt 0:00:00]} d6 {[%emt 0:00:00]} 3. d4 {[%emt 0:00:00]} cxd4 {[%emt 0:00:00]} 4. Nxd4 {[%emt 0:00:00]} Nf6 {[%emt 0:00:00]} 5. Nc3 {[%emt 0:00:00]} g6 {[%emt 0:00:00]} 6. Bc4 Bg7 {[%emt 0:00:37]} 7. O-O {[%emt 0:00:56]} O-O {[%emt 0:00:18]} 8. f3 {[%emt 0:00:38]} Nc6 {[%emt 0:01:07]} 9. Nde2 {[%emt 0:03:12]} Rb8 {[%emt 0:06:40]} 10. Be3 {[%emt 0:00:49]} Bd7 {[%emt 0:04:58]} 11. Qd2 {[%emt 0:03:11]} Ne5 {[%emt 0:09:07]} 12. Bb3 {[%emt 0:02:50]} a6 {[%emt 0:12:01]} 13. Rad1 {[%emt 0:08:10]} b5 {[%emt 0:01:04]} 14. Bh6 {[%emt 0:04:57]} Bxh6 {[%emt 0:08:22]} 15. Qxh6 {[%emt 0:00:09]} a5 {[%emt 0:02:05]} 16. a3 {[%emt 0:00:51]} a4 {[%emt 0:04:34]} 17. Ba2 {[%emt 0:01:21]} b4 {[%emt 0:01:40]} 18. axb4 {[%emt 0:01:46]} Qb6+ {[%emt 0:00:59]} 19. Kh1 {[%emt 0:00:51]} Qxb4 {[%emt 0:01:45]} 20. b3 {[%emt 0:01:34]} a3 {[%emt 0:02:54]} 21. Qc1 {[%emt 0:04:09]} Rfc8 {[%emt 0:01:21]} 22. Nb1 {[%emt 0:05:02]} Bc6 {[%emt 0:19:50]} 23. c3 {[%emt 0:02:54]} Qa5 {[%emt 0:02:05]} 24. Nd4 {[%emt 0:06:20]} Bd7 {[%emt 0:02:29]} 25. c4 {[%emt 0:03:36]} d5 {[%emt 0:05:10]} 26. exd5 {[%emt 0:02:20]} Nxd5 {[%emt 0:02:05]} 27. Nc2 {[%emt 0:00:59]} Nf6 {[%emt 0:02:08]} 28. Qxa3 {[%emt 0:09:36]} Qxa3 {[%emt 0:02:07]} 29. Nbxa3 {[%emt 0:01:13]} Bf5 {[%emt 0:01:29]} 30. Nd4 {[%emt 0:04:02]} Ra8 {[%emt 0:00:55]} 31. Ndb5 {[%emt 0:00:32]} Rxa3 {[%emt 0:01:02]} 32. Nxa3 {[%emt 0:00:07]} Ra8 {[%emt 0:00:12]} 33. Bb1 {[%emt 0:01:20]} Rxa3 {[%emt 0:00:21]} 34. Bxf5 {[%emt 0:00:11]} gxf5 {[%emt 0:00:10]} 35. Rfe1 {[%emt 0:01:27]} Nc6 {[%emt 0:01:03]} 36. Rb1 {[%emt 0:00:15]} e6 {[%emt 0:03:16]} 37. Rec1 {[%emt 0:02:49]} Nb4 {[%emt 0:01:53]} 38. Rd1 {[%emt 0:01:51]} Kf8 {[%emt 0:01:24]} 39. Rd8+ {[%emt 0:00:18]} Ke7 {[%emt 0:00:23]} 40. Rb8 {[%emt 0:00:00]} Nc6 {[%emt 0:00:00]} 41. Rb7+ {[%emt 0:00:45]} Ke8 {[%emt 0:05:21]} 42. b4 {[%emt 0:02:00]} Ra7 {[%emt 0:09:33]} 43. Rb6 {[%emt 0:05:34]} Rc7 {[%emt 0:02:10]} 44. c5 {[%emt 0:04:16]} Nd5 {[%emt 0:01:21]} 45. b5 {[%emt 0:00:26]} Nd8 {[%emt 0:08:51]} 46. Rb8 {[%emt 0:01:07]} Rxc5 {[%emt 0:03:22]} 47. b6 {[%emt 0:00:29]} Nxb6 {[%emt 0:01:40]} 48. R8xb6 {[%emt 0:00:05]} Ke7 {[%emt 0:01:46]} 49. Rd1 {[%emt 0:00:34]} Kf6 {[%emt 0:00:59]} 50. h3 {[%emt 0:00:12]} Nc6 {[%emt 0:00:52]} 51. Rb7 {[%emt 0:00:25]} Na5 {[%emt 0:01:07]} 52. Ra7 {[%emt 0:00:33]} Nc4 {[%emt 0:00:46]} 53. f4 {[%emt 0:01:19]} Rd5 {[%emt 0:00:23]} 54. Rxd5 {[%emt 0:02:45]} exd5 {[%emt 0:00:07]} 55. Ra6+ {[%emt 0:00:05]} Ke7 {[%emt 0:00:40]} 56. Kg1 {[%emt 0:00:06]} Nd6 {[%emt 0:00:44]} 57. Kf2 {[%emt 0:00:12]} Nb5 {[%emt 0:00:37]} 58. Rb6 {[%emt 0:00:44]} Nc7 {[%emt 0:00:23]} 59. Ke3 {[%emt 0:00:37]} Ne6 {[%emt 0:00:27]} 60. g4 {[%emt 0:01:01]} Kf6 {[%emt 0:00:34]} 61. Rb7 {[%emt 0:03:02]} fxg4 {[%emt 0:00:34]} 62. hxg4 {[%emt 0:00:07]} d4+ {[%emt 0:00:21]} 63. Kf3 {[%emt 0:00:16]} h6 {[%emt 0:00:34]} 64. Rd7 {[%emt 0:00:37]} Kg7 {[%emt 0:00:35]} 65. f5 {[%emt 0:00:58]} Ng5+ {[%emt 0:00:24]} 66. Kf4 {[%emt 0:01:06]} Nh3+ {[%emt 0:00:29]} 67. Ke5 {[%emt 0:01:09]} Ng5 {[%emt 0:00:36]} 68. Kxd4 {[%emt 0:00:12]} Kf6 {[%emt 0:00:24]} 69. Rd6+ {[%emt 0:00:28]} Kg7 {[%emt 0:00:30]} 70. Ke3 {[%emt 0:00:16]} f6 {[%emt 0:00:28]} 71. Kf4 {[%emt 0:00:36]} Kf7 {[%emt 0:00:29]} 72. Ra6 {[%emt 0:00:14]} Nh3+ {[%emt 0:00:33]} 73. Kg3 {[%emt 0:00:08]} Ng5 {[%emt 0:00:08]} 74. Ra7+ {[%emt 0:00:04]} Ke8 {[%emt 0:00:25]} 75. Kh4 {[%emt 0:00:10]} Nf7 {[%emt 0:00:59]} 76. Kh5 {[%emt 0:00:13]} Ne5 {[%emt 0:00:17]} 77. Kxh6 {[%emt 0:01:01]} Nxg4+ {[%emt 0:00:20]} 78. Kg6 {[%emt 0:00:03]} Kd8 79. Ra4 {[%emt 0:00:04]} Ne5+ {[%emt 0:01:08]} 80. Kxf6 {[%emt 0:00:09]} Nd7+ {[%emt 0:00:16]} 81. Kg7 {[%emt 0:00:07]} Ke7 {[%emt 0:00:34]} 82. Ra7 {[%emt 0:00:08]} 1-0